000
00218 a2200097 4500
001
32961
100
_a
Haines,R.W
245
_a
HVAC Systems Design Handbook
260
_a
NY
_b
McGraw-Hill
_c
2003
090
_c
22117
_d
22117
942
_a
NUST-CAE
_c
M
_c
13467
999
_c
268034
_d
268034